[Event "Gibraltar Amateur op-B"]
[Site "Caleta"]
[Date "2019.01.29"]
[Round "4"]
[White "Kumar, Deepak"]
[Black "D`Haluin, Wim"]
[Result "0-1"]
[WhiteElo "1590"]
[BlackElo "1702"]
[PlyCount "92"]
[EventDate "2019.01.26"]
[EventType "swiss"]
[EventRounds "5"]
[EventCountry "GGB"]
[SourceTitle "EXT 2021"]
[Source "ChessBase"]
[SourceDate "2020.10.23"]
[SourceVersion "1"]
[SourceVersionDate "2020.10.23"]
[SourceQuality "1"]

1. e4 c5 2. c4 Nc6 3. Nc3 g6 4. f4 d6 5. d3 Bg7 6. Be3 Nf6 7. Be2 0-0 8. Nf3 Ng4 9. Bg1 a6 10. h3 Nf6 11. Be3 Bd7 12. 0-0 Qc8 13. Rf2 Na5 14. e5 Nh5 15. Nd5 Qd8 16. Kh2 e6 17. Nc3 dxe5 18. fxe5 Qc7 19. Ne4 Bxe5+ 20. Nxe5 Qxe5+ 21. g3 f5 22. Bxh5 fxe4 23. Rxf8+ Rxf8 24. Be2 exd3 25. Qxd3 Bc6 26. Rf1 Rxf1 27. Bxf1 Qxb2+ 28. Kg1 Qf6 29. Qd2 b6 30. Qd6 Qf3 31. Qxe6+ Kg7 32. Qe7+ Kg8 33. Qe6+ Kg7 34. Qe7+ Kg8 35. Qe6+ Kg7 36. Qe7+ Kg8 37. Qd8+ Kg7 38. Qc7+ Kg8 39. Bh6 Qc3 40. Qb8+ Kf7 41. Qf4+ Ke8 42. Qb8+ Kd7 43. h4 Qd4+ 44. Kh2 Qf2+ 45. Kh3 Qxf1+ 46. Kg4 Qf5# 0-1

[Event "Gibraltar Amateur op-A"]
[Site "Caleta"]
[Date "2019.01.25"]
[Round "5"]
[White "Popham, Sarah"]
[Black "D`Haluin, Wim"]
[Result "0-1"]
[WhiteElo "1352"]
[BlackElo "1702"]
[PlyCount "72"]
[EventDate "2019.01.21"]
[EventType "swiss"]
[EventRounds "5"]
[EventCountry "GGB"]
[SourceTitle "CBM 188 Extra"]
[Source "ChessBase"]
[SourceDate "2019.02.26"]
[SourceVersion "1"]
[SourceVersionDate "2019.02.26"]
[SourceQuality "1"]

1. Nf3 c5 2. g3 Nc6 3. Bg2 d5 4. d3 g6 5. 0-0 Bg7 6. e4 dxe4 7. dxe4 Bg4 8. Nc3 Qxd1 9. Rxd1 Nd4 10. Rd3 Nxc2 11. Nb5 Rc8 12. Rb1 a6 13. Nc3 e6 14. h3 Bxf3 15. Bxf3 Bd4 16. Bf4 e5 17. Be3 c4 18. Rd2 Nxe3 19. fxe3 Bxe3+ 20. Rf2 Ne7 21. Kf1 Bxf2 22. Kxf2 0-0 23. h4 Rcd8 24. h5 f5 25. hxg6 hxg6 26. Rh1 Rd4 27. Kg2 Rd2+ 28. Kf1 Rxb2 29. Ke1 b5 30. exf5 Rxf5 31. Bg4 Rc2 32. Bxf5 Nxf5 33. Ne2 Rxe2+ 34. Kxe2 Nxg3+ 35. Kf2 Nxh1+ 36. Kg2 c3 0-1